000
002510000a22000970004500
100
1
_a
Volf, Miroslav
245
1
0
_a
Whe the unclean spirit leaves
300
_a
Vol. 1, Núm 1 (1992), Páginas 13-24
773
0
_t
European Journal of Theology
942
_c
ANA
999
_c
54093
_d
54093